Effects of detergent - polluted water on the health of tomato plants (Record no. 40073)

MARC details
000 -LEADER
fixed length control field 02458cab a2200313Ia 45 0
001 - CONTROL NUMBER
control field u184642
003 - CONTROL NUMBER IDENTIFIER
control field SIRSI
008 - FIXED-LENGTH DATA ELEMENTS--GENERAL INFORMATION
fixed length control field 100902s2007 ua ss b eng d
040 ## - CATALOGING SOURCE
Original cataloging agency EAL
041 ## - LANGUAGE CODE
Language code of text/sound track or separate title eng
Language code of summary or abstract ara
090 ## - LOCALLY ASSIGNED LC-TYPE CALL NUMBER (OCLC); LOCAL CALL NUMBER (RLIN)
Classification number (OCLC) (R) ; Classification number, CALL (RLIN) (NR) ART MUJAS V32 No10 16
100 1# - MAIN ENTRY--PERSONAL NAME
Personal name Hassouna, M. G.
240 10 - UNIFORM TITLE
Uniform title Mansoura University journal of agricultural sciences, 2007 v. 32 (10)
Medium [electronic resource].
245 10 - TITLE STATEMENT
Title Effects of detergent - polluted water on the health of tomato plants
Medium [electronic resource].
246 15 - VARYING FORM OF TITLE
Title proper/short title تاثير المياه الملوثه بالمنظفات على صحة نباتات الطماطم.
300 ## - PHYSICAL DESCRIPTION
Extent p.8193-8204.
504 ## - BIBLIOGRAPHY, ETC. NOTE
Bibliography, etc. note Includes reference.
520 ## - SUMMARY, ETC.
Summary, etc. The effect of detergent.polluted water (OM) at the concentrations 0.52, 1.05, 2.10, and 4.20 g r⁻¹ (the recommend8CI) on the growth of tomato plants was assayed. Seed germination and seedling length W8f8 increased with the two lower concentrations 0.52 and (05g r⁻¹ , and decreased with' 2.10 and 4.20 g r' (DPW) concentration. The growing seedlings and plants ",ere dwarfell, .malformed and . brownish with the increase of the detergent cdnCElntratlon.· The two higher concentrations reduced the dry .welghts of root by 25 and 81 %and the shoot by 11·57· %.The number ofsurvMng plants, and chlorophyll contents were also decreased . Calotene at 5-leaves stage was decreased by 13,and 25%, and slightly increased at the 8-leaves stage with the '0:52 g r⁻¹ (OM) concentration and fluctuated around the control treatment at ttie flowering stage.. The total soluble proteins of roots, and shoots were clearly ~,with the two lower concentrations, and sharply decreased by 24 and 50 %with the 2.10 and 4.20 g r⁻¹ concentrations, respectively. The protein pattem shOyted changes, (as compared with the control plant proteins), where new and missed proteins bands were detecled, at each detergent concentration. All these changes are related to the changes obServed on the growth and health of tomato" plantS.
546 ## - LANGUAGE NOTE
Language note Summary in Arabic.
596 ## -
-- 1
650 #0 - SUBJECT ADDED ENTRY--TOPICAL TERM
Topical term or geographic name entry element Tomatoes
General subdivision Effect of pollution on
650 #0 - SUBJECT ADDED ENTRY--TOPICAL TERM
Topical term or geographic name entry element Detergents.
650 #0 - SUBJECT ADDED ENTRY--TOPICAL TERM
Topical term or geographic name entry element Water Pollution.
700 1# - ADDED ENTRY--PERSONAL NAME
Personal name Aboshosha, S. S.
700 1# - ADDED ENTRY--PERSONAL NAME
Personal name Soliman, S. A.
700 1# - ADDED ENTRY--PERSONAL NAME
Personal name Al-Dahmashi, M. S.
773 0# - HOST ITEM ENTRY
Title Mansoura Unviersity Journal of Agricultural Sciences.
Related parts 2007.v.32(10)
International Standard Serial Number 1110-0346
Control subfield nnas
Record control number u182197
856 40 - ELECTRONIC LOCATION AND ACCESS
Uniform Resource Identifier <a href="http://nile.enal.sci.eg/EALE/2007/MUJAS3207/10/8193.pdf">http://nile.enal.sci.eg/EALE/2007/MUJAS3207/10/8193.pdf</a>
Public note Full Text Article
942 ## - ADDED ENTRY ELEMENTS (KOHA)
Koha item type Articles
Source of classification or shelving scheme Library of Congress Classification

No items available.


Home | About ENAL | Collections | Services | Activities | Calendar | Contact us

7 Nadi El Sayed St., Giza, Egypt | Phone:02-33351121 +02-33351313 | 
| Email: enalegypt@gmail.com